| 000 | 00666nam a2200265Ia 4500 | ||
|---|---|---|---|
| 001 | 37704 | ||
| 005 | 20240114001942.0 | ||
| 007 | ta | ||
| 008 | 070616s1967 a g b000 u 465 u | ||
| 040 | _aCotton College,Assam | ||
| 041 | _a465 | ||
| 082 |
_a944 _bP 149 N |
||
| 100 | _aPalmer, Alan . | ||
| 245 | 0 |
_aNapoleon in Russia / _cAlan Palmer. _hTextual Documents |
|
| 250 | _a1st ed. / | ||
| 260 |
_aLondon : _bAndre Deutsch , _c1967. |
||
| 300 |
_a318p. : _bill ; _c22cm . |
||
| 504 | _aIndex | ||
| 653 | _aHistory-France | ||
| 653 | _aNapoleon-Russia | ||
| 653 | _aG-History | ||
| 942 |
_2ddc _cBK |
||
| 999 |
_c37680 _d37680 |
||